| 000 | 00421 a2200121 4500 | ||
|---|---|---|---|
| 001 | ART_3158 | ||
| 005 | 20260410161712.0 | ||
| 008 | 260409a | ||
| 245 | 1 | 0 | _aLa distribución funcional del ingreso y el sistema previsional en la Argentina, 1950-1972 |
| 100 | 1 | _aDiéguez, Héctor L. | |
| 700 | 1 | _aPetrecolla, Alberto | |
| 773 | 0 |
_tDesarrollo económico _g- Vol. 14, Nº 55 (oct./dic. 1974) _wREV1174 |
|
| 999 |
_c16195 _d16195 |
||